00572pam a2200181 a 4500020001100000040002500011041001300036082001600049100002700065245006500092260004200157300001300199365001100212653003300223930000900256999001500265952011000280 c100.00 aMedical College Libr aENGhENG a618.92bMAT aMather, Stephen J. . aA Handbook of Paediatric Anaesthesia / chTextual Documents aMumbai : bOxford Uni Press , c1991. a355 ; c a100.00 aPaediatricsaMedical Science a5978 c5977d5977 00104070aMCPbMCPd1900-01-01g100.00l0o618.92 MATpMCP-6918r2023-02-06 00:00:00t1w2023-02-06yBK